00611nam a2200193 a 4500008004100000020001800041050001500059100002400074245013000098250001200228260003100240300002200271350001100293650003000304650002100334700002400355700001900379700001900398170426s2016 ||||||||||||||||| || u a9780323297387 aRC 648 Wil aKronenberg, Henry M10aWilliams textbook of endocrinology. (13th ed.)cBy Shlomo Melmed, Kenneth S. Polonsky, P. Reed Larsen and Henry M. Kronenberg a13th ed aCaliforniabElsevierc2016 axviii,1916p.: ill a199.99 aENDOCRINE SYSTEM DISEASES aENDOCRINE GLANDS aPolonsky, kenneth S aLarsen, Reed P aMelmed, Shlomo